Minecraft Creative Inventory: Food & Drinks - Statistics

General Stats
  • This quiz has been taken 156 times
    122 since last reset
  • The average score is 105 of 193
Answer Stats
Answer % Correct
Steak
93%
Apple
89%
Raw Beef
89%
Beetroot
85%
Cake
85%
Carrot
85%
Cooked Rabbit
85%
Enchanted Golden Apple
85%
Golden Apple
85%
Golden Carrot
85%
Mushroom Stew
85%
Potato
85%
Raw Rabbit
85%
Bread
81%
Cookie
81%
Rabbit Stew
81%
Raw Chicken
81%
Raw Porkchop
81%
Baked Potato
78%
Beetroot Soup
78%
Raw Salmon
78%
Water Bottle
78%
Cooked Chicken
74%
Cooked Cod
74%
Cooked Mutton
74%
Cooked Porkchop
74%
Cooked Salmon
74%
Poisonous Potato
74%
Pufferfish
74%
Raw Cod
74%
Raw Mutton
74%
Pumpkin Pie
70%
Rotten Flesh
70%
Tropical Fish
70%
Chorus Fruit
67%
Honey Bottle
67%
Melon Slice
67%
Spider Eye
67%
Suspicious Stew (Blindness)
67%
Suspicious Stew (Fire Resistance)
67%
Suspicious Stew (Jump Boost)
67%
Suspicious Stew (Night Vision)
67%
Suspicious Stew (Poison)
67%
Suspicious Stew (Regeneration)
67%
Suspicious Stew (Saturation)
67%
Suspicious Stew (Weakness)
67%
Suspicious Stew (Wither)
67%
Glow Berries
63%
Milk Bucket
59%
Potion of Poison (0:45)
59%
Potion of Poison (1:30)
59%
Potion of Poison (II 0:21)
59%
Potion of Strength (3:00)
59%
Potion of Strength (8:00)
59%
Potion of Strength (II 1:30)
59%
Potion of Weakness (1:30)
59%
Potion of Weakness (4:00)
59%
Sweet Berries
59%
Potion of Fire Resistance (3:00)
56%
Potion of Fire Resistance (8:00)
56%
Potion of Healing
56%
Potion of Healing (II)
56%
Potion of Leaping (3:00)
56%
Potion of Leaping (8:00)
56%
Potion of Leaping (II 1:30)
56%
Potion of Regeneration (0:45)
56%
Potion of Regeneration (1:30)
56%
Potion of Regeneration (II 0:22)
56%
Potion of Water Breathing (3:00)
56%
Potion of Water Breathing (8:00)
56%
Awkward Potion
52%
Dried Kelp
52%
Lingering Potion of Fire Resistance (0:45)
52%
Lingering Potion of Fire Resistance (2:00)
52%
Lingering Potion of Harming
52%
Lingering Potion of Harming (II)
52%
Lingering Potion of Healing
52%
Lingering Potion of Healing (II)
52%
Lingering Potion of Leaping (0:45)
52%
Lingering Potion of Leaping (2:00)
52%
Lingering Potion of Leaping (II 0:22)
52%
Lingering Potion of Poison (0:11)
52%
Lingering Potion of Poison (0:22)
52%
Lingering Potion of Poison (II 0:05)
52%
Lingering Potion of Strength (0:45)
52%
Lingering Potion of Strength (2:00)
52%
Lingering Potion of Strength (II 0:22)
52%
Lingering Potion of Water Breathing (0:45)
52%
Lingering Potion of Water Breathing (2:00)
52%
Lingering Potion of Weakness (0:22)
52%
Lingering Potion of Weakness (1:00)
52%
Potion of Harming
52%
Potion of Harming (II)
52%
Potion of Night Vision (3:00)
52%
Potion of Night Vision (8:00)
52%
Potion of Slowness (1:30)
52%
Potion of Slowness (4:00)
52%
Potion of Slowness (IV 0:20)
52%
Potion of Swiftness (3:00)
52%
Potion of Swiftness (8:00)
52%
Potion of Swiftness (II 1:30)
52%
Splash Potion of Fire Resistance (3:00)
52%
Splash Potion of Fire Resistance (8:00)
52%
Splash Potion of Harming
52%
Splash Potion of Harming (II)
52%
Splash Potion of Healing
52%
Splash Potion of Healing (II)
52%
Splash Potion of Leaping (3:00)
52%
Splash Potion of Leaping (8:00)
52%
Splash Potion of Leaping (II 1:30)
52%
Splash Potion of Poison (0:45)
52%
Splash Potion of Poison (1:30)
52%
Splash Potion of Poison (II 0:21)
52%
Splash Potion of Strength (3:00)
52%
Splash Potion of Strength (8:00)
52%
Splash Potion of Strength (II 1:30)
52%
Splash Potion of Water Breathing (3:00)
52%
Splash Potion of Water Breathing (8:00)
52%
Splash Potion of Weakness (1:30)
52%
Splash Potion of Weakness (4:00)
52%
Lingering Potion of Luck (1:15)
48%
Lingering Potion of Night Vision (0:45)
48%
Lingering Potion of Night Vision (2:00)
48%
Lingering Potion of Regeneration (0:11)
48%
Lingering Potion of Regeneration (0:22)
48%
Lingering Potion of Regeneration (II 0:05)
48%
Lingering Potion of Slow Falling (0:22)
48%
Lingering Potion of Slow Falling (1:00)
48%
Lingering Potion of Slowness (0:22)
48%
Lingering Potion of Slowness (1:00)
48%
Lingering Potion of Slowness (IV 0:05)
48%
Lingering Potion of Swiftness (0:45)
48%
Lingering Potion of Swiftness (2:00)
48%
Lingering Potion of Swiftness (II 0:22)
48%
Potion of Invisibility (3:00)
48%
Potion of Invisibility (8:00)
48%
Potion of Luck (5:00)
48%
Potion of Slow Falling (1:30)
48%
Potion of Slow Falling (4:00)
48%
Potion of the Turtle Master (IV 0:20/III 0:20)
48%
Potion of the Turtle Master (IV 0:40/III 0:40)
48%
Potion of the Turtle Master (VI 0:20/IV 0:20)
48%
Splash Potion of Luck (5:00)
48%
Splash Potion of Night Vision (3:00)
48%
Splash Potion of Night Vision (8:00)
48%
Splash Potion of Regeneration (0:45)
48%
Splash Potion of Regeneration (1:30)
48%
Splash Potion of Regeneration (II 0:22)
48%
Splash Potion of Slow Falling (1:30)
48%
Splash Potion of Slow Falling (4:00)
48%
Splash Potion of Slowness (1:30)
48%
Splash Potion of Slowness (4:00)
48%
Splash Potion of Slowness (IV 0:20)
48%
Splash Potion of Swiftness (3:00)
48%
Splash Potion of Swiftness (8:00)
48%
Splash Potion of Swiftness (II 1:30)
48%
Awkward Lingering Potion
44%
Awkward Splash Potion
44%
Lingering Potion of Invisibility (0:45)
44%
Lingering Potion of Invisibility (2:00)
44%
Lingering Potion of the Turtle Master (IV 0:05/III 0:05)
44%
Lingering Potion of the Turtle Master (IV 0:10/III 0:10)
44%
Lingering Potion of the Turtle Master (VI 0:05/IV 0:05)
44%
Lingering Water Bottle
44%
Splash Potion of Invisibility (3:00)
44%
Splash Potion of Invisibility (8:00)
44%
Splash Potion of the Turtle Master (IV 0:20/III 0:20)
44%
Splash Potion of the Turtle Master (IV 0:40/III 0:40)
44%
Splash Potion of the Turtle Master (VI 0:20/IV 0:20)
44%
Splash Water Bottle
44%
Mundane Potion
41%
Thick Lingering Potion
41%
Thick Potion
41%
Thick Splash Potion
41%
Mundane Lingering Potion
37%
Mundane Splash Potion
37%
Potion of Infestation (3:00)
33%
Potion of Oozing (3:00)
33%
Lingering Potion of Oozing (0:45)
30%
Splash Potion of Infestation (3:00)
30%
Splash Potion of Oozing (3:00)
30%
Lingering Potion of Infestation (0:45)
26%
Lingering Potion of Weaving (0:45)
26%
Potion of Weaving (3:00)
26%
Splash Potion of Weaving (3:00)
26%
Lingering Potion of Wind Charging (0:45)
22%
Ominous Bottle (1:40:00)
22%
Ominous Bottle (II 1:40:00)
22%
Ominous Bottle (III 1:40:00)
22%
Ominous Bottle (IV 1:40:00)
22%
Ominous Bottle (V 1:40:00)
22%
Potion of Wind Charging (3:00)
22%
Splash Potion of Wind Charging (3:00)
11%
No matching quizzes found
Score Distribution
Percent of People with Each Score
Percentile by Number Answered
Your Score History
You have not taken this quiz since the last reset